000 00629nam a22002297a 4500
003 UA-OsUOA
001 98563
007 ta
008 20130416b un ||||| |||| 00| 0 ukr d
100 _aПортнов А.
090 _a821.161.1
_bП60
942 _cBK
040 _aUA-OsUOA
_brus
_cUA-OsUOA
_dUA-OsUOA
245 _aЧертов круг
_bповести, рассказы
300 _a512 с.
955 _a1
041 _arus
080 _a821.161.1
260 _aМ.
_bСоветский писатель
_c1988
650 7 _a82 Література. Літературознавство
_2UDC
999 _c384461
_d384461